Weeks spent at #1 in men's tennis - Statistics

General Stats
  • This quiz has been taken 42 times
  • The average score is 15 of 20
Answer Stats
Hint Answer % Correct
302 Switzerland Roger Federer
100%
101 United States Andre Agassi
95%
109 Sweden Bjorn Borg
95%
286 United States Pete Sampras
95%
141 Spain Rafael Nadal
95%
153 Serbia Novac Djokovic
93%
170 United States John McEnroe
88%
12 Germany Boris Becker
80%
270 United States and Czechoslakia Ivan Lendl
80%
268 United States Jimmy Connors
78%
80 Australia Lleyton Hewitt
75%
13 United States Andy Roddick
73%
72 Sweden Stefan Edberg
73%
43 Brazil Gustavo Kuerten
60%
40 Romania Ille Nastase
60%
20 Sweden Mats Wilander
60%
9 Russia Marat Safin
58%
58 United States Jim Courier
50%
8 Spain Juan Carlos Ferrero
45%
8 Australia John Newcombe
28%
No matching quizzes found
Score Distribution
Percent of People with Each Score
Percentile by Number Answered
Your Score History
You have not taken this quiz